000 01863nam a2200433 a 4500
008 951213s1984||||[C 0 slo c
020 _c45 Kčs.
_q(10000 výtl.)
040 _aSNK
_bslo
_cSNK
_eAACR2
041 1 _aslo
_hslo
080 _a396(437.6)"1918/1980"(091)
100 1 _aKirályová, Blanka
_4aut
242 1 0 _a1918-1980
245 1 0 _aPokrokové ženské hnutie na Slovensku 1918-1980
_cBlanka Királyová, Lila Hojčová ; Darina Černová, Zlatica Funková, Irena Grmanová, Oľga Grünnerová, Júlia Chreňová, Blanka Királyová, Lila Hojčová, Karol Rosmány, Ladislav Lisický, Elena Mešková, Ladislav Nagy, Magda Robinsonová, Mikuláš Červeňanský, Ladislav Lisický, Elena Mešková, Ladislav Nagy, Alexander Vojček, František Spáčil
250 _a1., vyd.
260 _aBratislava
_bŽivena
_aS.l.
_bSÚV SZŽ v Bratislave [vyd.]
_c1984
_eMartin
_fTlačiarne SNP
300 _a431 s., 33,6 AH
_c34 cm
500 _aLit. 156. Fot. na front. a predsádkach. Vysvetl. k skr. Men. reg. Res. rus., nem., franc., angl. a špan. 156 zázn. v slov. a češ.
700 1 _aHojčová, Lila
_4aut
700 1 _aČernová, Darina
_4aut
700 1 _aFunková, Zlatica
_4aut
700 1 _aGrmanová, Irena
_4aut
700 1 _aGrünnerová, Oľga
_4aut
700 1 _aChreňová, Júlia
_4aut
700 1 _aKirályová, Blanka
_4com
700 1 _aHojčová, Lila
_4com
700 1 _aRosmány, Karol
_4bkd
700 1 _aLisický, Ladislav
_4bkd
700 1 _aMešková, Elena
_4bkd
700 1 _aNagy, Ladislav
_4bkd
700 1 _aRobinsonová, Magda
_4bkd
700 1 _aČerveňanský, Mikuláš
_4bkd
700 1 _aLisický, Ladislav
_4bkd
700 1 _aMešková, Elena
_4bkd
700 1 _aNagy, Ladislav
_4bkd
700 1 _aVojček, Alexander
_4bkd
700 1 _aSpáčil, František
_4bkd
044 _axo
_cSK
958 _aA
999 _c19261
_d19261